00600nam a2200193Ia 4500003000900000008004100009040001300050040001300063041000800076100002300084245004300107250001100150260000900161300001000170490000600180942000700186999001700193952019600210IT-RoPAU120407s9999 xx 000 0 und d aIT-RoPAU cIT-RoPAU aita aMassimiliano Kolbe aScritti. Lettere. Vol. I, 1 - 2. aPadova c1971 c22 cm v2 cBK c14271d14271 00102ddc406922_50000000000000071aPAULUSbPAULUSd2012-04-11l0o922.5r2012-04-11 00:00:00w2012-04-11yBKzInserito da: LUCIA In data: 07 ottobre 2011 fondo: Via A.Severo 56 Progr:32486